Questions aléatoires de géographie - 8 - Statistiques

Statistiques générales
  • Ce quiz a été pris 121 fois
  • Le résultat moyen est 7 sur 15
Statistiques - réponses
Indice Réponse % Correct
Quel arbre est présent sur le drapeau du Liban ? un cèdre
87%
Quelle ville s'appelait autrefois Nouvelle-Amsterdam, puis Nouvelle-Orange avant son nom actuel ? New York
83%
Quel pays entièrement enclavé dans un autre pays est une monarchie constitutionnelle dirigée par Sa Majesté le Roi Letsie III ? le Lesotho
72%
Quel pays européen continue d'appeler la France "Γαλλία", c'est à dire "la Gaule", malgré son invasion par les Francs ? la Grèce
71%
Quel fleuve traverse la ville de Bagdad ? le Tigre
65%
Quel territoire récemment reconnu par la France comme appartenant au Maroc, fait l'objet d'une querelle diplomatique avec l'Algérie ? le Sahara occidental
58%
Quelle ville française a la particularité de posséder une rade stratégique, une bonne équipe de rugby et la proximité du mont Faron ? Toulon
57%
Quel est le nom de la plus septentrionale des quatre îles principales du Japon ? Hokkaido
48%
Quel est le nom de la presqu'île grecque au sud d'Athènes ayant une guerre à son nom ? le Péloponnèse
48%
Quel territoire français est situé entre les îles Fidji et Samoa ? Wallis et Futuna
39%
Dans quel canton suisse parle-t-on italien ? le Tessin
28%
Quelle région naturelle bourguignonne est un massif montagneux de petite taille à cheval sur trois départements ? le Morvan
18%
Quel est le nom de la mer coincée entre la Bretagne, l'Irlande et la Cornouailles ? la mer Celtique
16%
A quelle nation appartiennent les îles Hébrides ? l Ecosse
14%
Quelles montagnes comprenant un pays entier, tiendraient leur nom du mot "feu" en grec ancien ? les Pyrénées
14%
Aucun quiz correspondant
Distribution des résultats
% des personnes avec chaque résultat
Percentile par nombre de réponses
Votre historique - résultats
Vous n’avez pas pris ce quiz